000
00317nam a2200109Ia 4500
008
200302s9999 xx 000 0 und d
100
_a
Michael Carley
245
_a
Sharing the World sustainable Living and Global Equity in the 21st Century
260
_b
EarthScan Publications Ltd.
260
_c
1998
300
_a
208 P.,
999
_c
5600
_d
5600